<Die> Problematik des Beitritts der Türkei zur EG unter besonderer Berücksichtigung der Assoziation der Türkei mit der EWG Inaugural - Dissertation

Salvato in:
Dettagli Bibliografici
Autore principale: Karaca, Ahmet Ali
Natura: Libro
Lingua:tedesco
Pubblicazione: Frankfurt am Main Johann Wolfgang Goethe - Universität 1986
Edizione:1. Aufl.
Tags: Aggiungi Tag
Nessun Tag, puoi essere il primo ad aggiungerne!!

MARC

LEADER 00000nam a2200000 4500
001 c024579
005 20221220072416.5
041 0 |a ger 
044 |a DE 
245 1 0 |a <Die> Problematik des Beitritts der Türkei zur EG unter besonderer Berücksichtigung der Assoziation der Türkei mit der EWG  |b Inaugural - Dissertation  |c Ahmet Ali Karaca 
250 |a 1. Aufl. 
264 1 |a Frankfurt am Main  |b Johann Wolfgang Goethe - Universität  |c 1986 
300 |a 384 s. 
100 1 |a Karaca, Ahmet Ali